គីមឡាង មើលមិនឃើញតែ.... / (Record no. 1360)
[ view plain ]
| 000 -LEADER | |
|---|---|
| fixed length control field | 02521nam a22002777a 4500 |
| 005 - DATE AND TIME OF LATEST TRANSACTION | |
| control field | 20250528095534.0 |
| 020 ## - INTERNATIONAL STANDARD BOOK NUMBER | |
| International Standard Book Number | 9789924340065 |
| 040 ## - CATALOGING SOURCE | |
| Original cataloging agency | FISKH |
| Language of cataloging | eng |
| Transcribing agency | FISKH |
| Modifying agency | FISKH |
| 082 ## - DEWEY DECIMAL CLASSIFICATION NUMBER | |
| Classification number | 371.91 |
| 100 ## - MAIN ENTRY--PERSONAL NAME | |
| Personal name | Geystelen, Judit Van |
| 245 ## - TITLE STATEMENT | |
| Title | គីមឡាង មើលមិនឃើញតែ.... / |
| Statement of responsibility, etc. | គំនិតផ្ដួចផ្ដើម និងរៀបរៀងអត្ថបទ Project Initiative and Text Judit van Geystelen - រូបថត Photography Ung Nita - បកប្រែពីភាសាអង់គ្លេសដោយ អ៊ូច សូលីដា Translation from English by Ouch Solida |
| 246 ## - VARYING FORM OF TITLE | |
| Title proper/short title | Kimlang cannot see, yet.... |
| 250 ## - EDITION STATEMENT | |
| Edition statement | បោះពុម្ពលើកទី៣ ខែមិថុនា ឆ្នាំ ២០២១ |
| 260 ## - PUBLICATION, DISTRIBUTION, ETC. | |
| Place of publication, distribution, etc. | Phnom Penh : |
| Name of publisher, distributor, etc. | Sipar, |
| Date of publication, distribution, etc. | 2022. |
| 300 ## - PHYSICAL DESCRIPTION | |
| Extent | 31 pages : |
| Other physical details | color illustrations ; |
| Dimensions | 18 x 2៤ cm |
| 505 ## - FORMATTED CONTENTS NOTE | |
| Formatted contents note | P |
| 520 ## - SUMMARY, ETC. | |
| Summary, etc. | គិមឡាងជាក្មេងស្រីអាយុ ១៣ឆ្នាំ ហើយរស់នៅប្រទេសកម្ពុជា។ នាងទៅសាលា ហើយចូលចិត្តចំណាយពេលជាមួយមិត្តភក្ដិលេងជាមួយឆ្កែនាង និងច្រៀងលេង។ ពេលនាងធំឡើង នាងចង់ក្លាយជាគ្រូភាសាអង់គ្លេសម្នាក់។ ដូចគ្នានឹងក្មេងៗដ៏ទៃដែរ គីមឡាងមានជិវិតរីករាយ និងមានក្ដីសុបិន្តនាថ្ងៃអនាគត។ ប៉ុន្តែអ្វីមួយដែលគីមឡាងមានខុសពីគេ។ នាងរស់នៅជាមួយពិការភាព គឺនាងពិការភ្នែក។ |
| 520 ## - SUMMARY, ETC. | |
| Summary, etc. | Kimlang is 13 years old and lives in Cambodia. She goes to school and likes to spend time with her friends, plays with her dog and sing. When she grow up she would like to be an English teacher! Likes most children of her age, Kimlang enjoy life and has dreams about her future. Yet, something is different about Kimlang. Kimlang lives with a disability, she is blind. |
| 521 ## - TARGET AUDIENCE NOTE | |
| Target audience note | 600 |
| Source | Lexile estimate<br/><br/> |
| 521 ## - TARGET AUDIENCE NOTE | |
| Target audience note | P |
| Source | Raz-Plus |
| 650 ## - SUBJECT ADDED ENTRY--TOPICAL TERM | |
| Topical term or geographic name entry element | ពិការភាព |
| Form subdivision | ក្ដីសុបិន្ត |
| 650 ## - SUBJECT ADDED ENTRY--TOPICAL TERM | |
| Topical term or geographic name entry element | Disability |
| Form subdivision | Dream |
| 700 ## - ADDED ENTRY--PERSONAL NAME | |
| Personal name | Nita, Ung |
| Titles and other words associated with a name | illustrator |
| 942 ## - ADDED ENTRY ELEMENTS (KOHA) | |
| Source of classification or shelving scheme | Dewey Decimal Classification |
| Koha item type | Books |
| Suppress in OPAC | No |
| 999 ## - | |
| -- | 1360 |
| -- | 1360 |
| Withdrawn status | Lost status | Source of classification or shelving scheme | Damaged status | Not for loan | Collection | Home library | Current library | Shelving location | Date acquired | Total Checkouts | Full call number | Barcode | Date last seen | Date last checked out | Copy number | Price effective from | Koha item type |
|---|---|---|---|---|---|---|---|---|---|---|---|---|---|---|---|---|---|
| Dewey Decimal Classification | Khmer-English Bilingual / ភាសាខ្មែរ-អង់គ្លេស | Footprints International School Library Network Toul Kork Campus | Footprints International School Library Network Toul Kork Campus | TK Campus, Room B402, Khmer Book Case 16, Shelves 112-123 / ទូរសៀវភៅខ្មែរលេខ ១៦ ធ្នើរ ១១២ ដល់ ១២៣ បន្ទប់ B402 សាខាទួលគោក | 08/21/2023 | GEY 371.91 | 2023-0303 | 08/21/2023 | 2 | 08/21/2023 | Khmer Books | ||||||
| Dewey Decimal Classification | Khmer-English Bilingual / ភាសាខ្មែរ-អង់គ្លេស | Footprints International School Library Network Toul Kork Campus | Footprints International School Library Network Toul Kork Campus | TK Campus, Room B402, Khmer Book Case 16, Shelves 112-123 / ទូរសៀវភៅខ្មែរលេខ ១៦ ធ្នើរ ១១២ ដល់ ១២៣ បន្ទប់ B402 សាខាទួលគោក | 09/04/2025 | GEY 371.91 | 2025-4370 | 09/04/2025 | 3 | 09/04/2025 | Books | ||||||
| Dewey Decimal Classification | Khmer-English Bilingual / ភាសាខ្មែរ-អង់គ្លេស | Footprints International School Library Network Toul Tom Poung Campus | Footprints International School Library Network Toul Tom Poung Campus | TTP Primary Khmer Bookshelves | 08/21/2023 | 1 | GEY 371.91 | 2023-0302 | 10/03/2025 | 09/15/2025 | 1 | 08/21/2023 | Khmer Books |
